000 00298nam a2200121 a 4500
008 101022s1967|||| d
100 1 _aLazarová, Katarína
245 1 0 _aKavčie pierko
041 _aslo
260 _bSlovenský spisovateľ
_aBratislava
_c1967
020 _c13,50
044 _axo
_cSK
999 _c12011
_d12011